000 00779nam a2200253 a 4500
001 BRCA_6992
005 20190320205653.0
008 231111s1915----gw-a######---#000-0#ger-#
041 _ager
044 _agw
050 4 _aD551
_b.G3 1915
100 1 _aGanghofer, Ludwig
_d1855-1920
_917401
245 1 0 _aDie Front im Osten
_cvon Ludwig Ganghofer.
260 _aBerlín-Wien
_bUllstein
_c1915
300 _a2 v.
_bil., mapas
_c17 cm.
440 0 _aUllstein Kriegsbücher
_v9, 12
_917402
500 _aEstado físico: v.2 cubiertas desprendidas.
500 _aO11
501 _av.1: Die Front im Osten (9); v.2: Der russische Niederbruch (12)
650 1 4 _aPrimera Guerra Mundial
_y1914-1918
_917403
650 1 4 _aRelatos personales
_917404
902 _aGFM
942 _2lcc
_cB
999 _c6673
_d6673